Faraones Egipcios del Imperio Nuevo - Estadísticas

Estadísticas generales
  • Esta prueba ha sido intentada 103 veces
  • La puntuación promedio es 15 de 32
Estadísticas de respuestas
Período Nombre % Correcto
1295-1294 Ramsés I
94%
1279-1213 Ramsés II
94%
1184-1153 Ramsés III
94%
1153-1147 Ramsés IV
94%
1126-1108 Ramsés IX
94%
1147-1143 Ramsés V
94%
1143-1136 Ramsés VI
94%
1136-1129 Ramsés VII
94%
1129-1126 Ramsés VIII
94%
1108-1099 Ramsés X
94%
1099-1069 Ramsés XI
94%
1336-1327 Tutankamón
76%
1352-1336 Amenhotep IV/Akenatón
69%
1525-1504 Amenhotep I
39%
1427-1400 Amenhotep II
39%
1390-1352 Amenhotep III
39%
1294-1279 Seti I
39%
1200-1194 Seti II
39%
1473-1458 Hatshepsut
29%
1327-1323 Ay
20%
1323-1295 Horemheb
14%
1213-1203 Merenptah
12%
1550-1525 Ahmose I
10%
1504-1492 Thutmose I
8%
1492-1479 Thutmose II
8%
1479-1425 Thutmose III
8%
1400-1390 Thutmose IV
8%
1186-1184 Sethnajt
6%
1203-1200 Amenmeses
4%
1194-1188 Saptah
4%
1338-1336 Semenejkara
4%
1188-1186 Tausret
4%
No se encontraron pruebas coincidentes
Distribución de puntuación
Porcentaje de gente con cada puntuación
Porcentaje por número respondido
Historial de tus puntuaciones
No has intentado esta prueba.